[Event "Veletrzni turnaj 2017 A"]
[Site "SÅ  informatiky, poÅ¡tovnictvÃ"]
[Date "2017.08.30"]
[Round "5.18"]
[White "Pelikan, Jaromir"]
[Black "Zejda, Karel"]
[Result "1-0"]
[WhiteElo "1822"]
[BlackElo "1671"]
[PlyCount "89"]
[EventDate "2017.08.27"]

1. d4 d5 2. Nf3 Nf6 3. c4 e6 4. g3 Be7 5. Bg2 c6 6. O-O O-O 7. Qc2 Nbd7 8. Nc3
b6 9. b3 Bb7 10. Rd1 Qc8 11. Bb2 g6 12. e4 Nxe4 13. Nxe4 dxe4 14. Qxe4 c5 15.
Qf4 Bf6 16. Qh6 Bg7 17. Qh4 Qd8 18. Ng5 h6 19. Nxe6 Qxh4 20. gxh4 fxe6 21. Bxb7
Rad8 22. Be4 Rf4 23. f3 Rff8 24. Rab1 cxd4 25. Bxd4 e5 26. Be3 Kf7 27. Kf2 Nf6
28. Bc2 Ke7 29. Rxd8 Rxd8 30. Bxg6 Ke6 31. Ke2 Bf8 32. Rd1 Rc8 33. h3 Ng8 34.
Bh5 Ke7 35. Bg4 Rc7 36. Rd5 Bg7 37. f4 e4 38. Bf5 Nf6 39. Re5+ Kf8 40. Bxe4
Nxe4 41. Rxe4 Re7 42. Kf3 Rd7 43. Ke2 Kf7 44. c5 bxc5 45. Bxc5 1-0

[Event "Veletrzni turnaj 2017 A"]
[Site "SÅ  informatiky, poÅ¡tovnictvÃ"]
[Date "2017.08.30"]
[Round "5.19"]
[White "Blazek, Pavel"]
[Black "Khadash, Kamil"]
[Result "0-1"]
[WhiteElo "1749"]
[BlackElo "1540"]
[PlyCount "74"]
[EventDate "2017.08.27"]

1. e4 c6 2. Ne2 d5 3. e5 Bf5 4. Ng3 Bg6 5. h4 h6 6. h5 Bh7 7. e6 fxe6 8. d4 Qd6
9. Bd3 e5 10. Bxh7 Rxh7 11. Qg4 Nd7 12. Nf5 Qf6 13. Rh3 e6 14. Nh4 e4 15. Bf4
Ne7 16. Nd2 Nf5 17. Nb3 Nxh4 18. Rxh4 Be7 19. Rh3 O-O-O 20. O-O-O Rf8 21. Be3
Qf5 22. Qe2 Bg5 23. f4 Bxf4 24. Kb1 Bxe3 25. Qxe3 g6 26. hxg6 Qxg6 27. Rg3 Qh5
28. Kc1 Rhf7 29. Nd2 e5 30. Qa3 a6 31. Rb3 exd4 32. Qd6 Qe5 33. Qxh6 Nc5 34.
Rh3 d3 35. Qe3 Na4 36. c3 Nxc3 37. Qc5 Nxd1 0-1

[Event "Veletrzni turnaj 2017 A"]
[Site "SÅ  informatiky, poÅ¡tovnictvÃ"]
[Date "2017.08.30"]
[Round "5.20"]
[White "Khadash, Samuel"]
[Black "Dvorakova, Olga"]
[Result "1-0"]
[WhiteElo "1389"]
[BlackElo "1678"]
[PlyCount "66"]
[EventDate "2017.08.27"]

1. e4 c6 2. d4 d5 3. e5 Bf5 4. f4 e6 5. Nf3 Ne7 6. Bd3 Nd7 7. c3 c5 8. Na3 a6
9. Nc2 cxd4 10. cxd4 Bxd3 11. Qxd3 g6 12. O-O Bh6 13. g3 O-O 14. Ne3 Nc6 15.
Bd2 Qb6 16. Ng4 Bg7 17. h4 h5 18. Nf2 Ne7 19. a3 a5 20. b4 Nc6 21. bxa5 Nxa5
22. Rab1 Qc7 23. Bxa5 Rxa5 24. Rfc1 Qb8 25. Qc3 Qa7 26. Rxb7 Qxb7 27. Qxa5 Rc8
28. Rxc8+ Qxc8 29. Qa7 Qc6 30. a4 Bf8 31. a5 Qb5 32. a6 Nb8 33. Ng5 Qe8 1-0

[Event "Veletrzni turnaj 2017 A"]
[Site "SÅ  informatiky, poÅ¡tovnictvÃ"]
[Date "2017.08.30"]
[Round "5.21"]
[White "Feldvabl, Vilem"]
[Black "Strelec, Ladislav"]
[Result "1-0"]
[WhiteElo "1658"]
[BlackElo "1551"]
[PlyCount "69"]
[EventDate "2017.08.27"]

1. d4 d5 2. c4 dxc4 3. e3 e6 4. Bxc4 Nf6 5. Nf3 a6 6. a4 c5 7. O-O Ne4 8. Qc2
f5 9. Nbd2 Nxd2 10. Bxd2 Nc6 11. Rfd1 cxd4 12. Bc3 Bc5 13. exd4 Bd6 14. d5 Nb4
15. Bxb4 e5 16. Bxd6 Qxd6 17. Re1 e4 18. Qc3 O-O 19. Nd4 Rf6 20. Qa3 Qe5 21.
Rad1 Bd7 22. Ne6 Rc8 23. Rc1 Kh8 24. Qg3 Qxg3 25. hxg3 b5 26. axb5 axb5 27. Bb3
Re8 28. Rc7 Bxe6 29. dxe6 h6 30. Rf7 Kh7 31. Rxf6 gxf6 32. Rd1 Kg6 33. Rd5 Rxe6
34. Rxb5 Rc6 35. Rd5 1-0

[Event "Veletrzni turnaj 2017 A"]
[Site "SÅ  informatiky, poÅ¡tovnictvÃ"]
[Date "2017.08.30"]
[Round "5.22"]
[White "Habinova, Alice"]
[Black "Tajovsky, Matej"]
[Result "0-1"]
[WhiteElo "1393"]
[BlackElo "1657"]
[PlyCount "74"]
[EventDate "2017.08.27"]

1. e4 c5 2. d4 cxd4 3. c3 d3 4. Bxd3 g6 5. c4 Bg7 6. Nc3 Nc6 7. Nf3 d6 8. h3
Nf6 9. Bg5 O-O 10. O-O Bd7 11. a3 Re8 12. Qd2 Rc8 13. Rac1 a6 14. Qe3 Na5 15.
Nd5 Nxd5 16. cxd5 Bxb2 17. Rxc8 Bxc8 18. Be2 Qc7 19. Rb1 Bg7 20. Rc1 Qd7 21.
Qb6 Qa4 22. Bd2 Qxe4 23. Bf1 Qxd5 24. Qxa5 Qxa5 25. Bxa5 Bb2 26. Rb1 Bxa3 27.
Bb6 Be6 28. Bd3 Rc8 29. Be3 Rc3 30. Bf1 b5 31. Bd2 Rb3 32. Ra1 Bc5 33. Rxa6 Bd5
34. Bh6 f6 35. Nd2 Rb2 36. h4 g5 37. Nf3 Rxf2 0-1

[Event "Veletrzni turnaj 2017 A"]
[Site "SÅ  informatiky, poÅ¡tovnictvÃ"]
[Date "2017.08.30"]
[Round "5.23"]
[White "Nezval, Filip"]
[Black "Vaculik, Martin"]
[Result "1-0"]
[WhiteElo "1640"]
[BlackElo "1400"]
[PlyCount "73"]
[EventDate "2017.08.27"]

1. d4 d5 2. c4 Nc6 3. Nf3 Bg4 4. Bg5 Nf6 5. Bxf6 gxf6 6. cxd5 Bxf3 7. dxc6 Bxc6
8. Nc3 e6 9. e4 Bb4 10. f3 Rg8 11. Qd2 Qd6 12. a3 Bxc3 13. Qxc3 Rd8 14. O-O-O
a6 15. Rd2 Qe7 16. Bxa6 Bxe4 17. fxe4 bxa6 18. Qc6+ Rd7 19. Qxa6 Qd8 20. Qc6
Ke7 21. Qc5+ Ke8 22. Rhd1 Rg4 23. Qh5 Rxe4 24. Qxh7 Rg4 25. h3 Rg5 26. Rf2 Ke7
27. Qh6 Rg6 28. Qe3 c5 29. Rfd2 cxd4 30. Qe4 e5 31. g4 Rc7+ 32. Kb1 Kf8 33. h4
Qc8 34. g5 Qe6 35. Re2 Rc5 36. Rde1 Rb5 37. Qa8+ 1-0

[Event "Veletrzni turnaj 2017 A"]
[Site "SÅ  informatiky, poÅ¡tovnictvÃ"]
[Date "2017.08.30"]
[Round "5.24"]
[White "Koci, Milos"]
[Black "Vavrinkova, Anna"]
[Result "0-1"]
[WhiteElo "1302"]
[BlackElo "1596"]
[PlyCount "68"]
[EventDate "2017.08.27"]

1. d4 d5 2. Nf3 Nf6 3. Bf4 g6 4. h3 Bg7 5. e3 O-O 6. Nbd2 a6 7. Be2 Nbd7 8. O-O
c5 9. c3 b5 10. a3 Bb7 11. Re1 Re8 12. b4 c4 13. Ne5 Nb6 14. Qc2 Nfd7 15. Nef3
f6 16. Rf1 Rf8 17. Bh2 e5 18. dxe5 fxe5 19. Bg3 Nc8 20. Bh4 Qb6 21. Rfd1 Nd6
22. Be7 Rf7 23. Bxd6 Qxd6 24. a4 Raf8 25. Rf1 Qc6 26. a5 d4 27. cxd4 exd4 28.
exd4 Bxd4 29. Rad1 Ne5 30. Nb3 Ba7 31. Nbd4 Bxd4 32. Rxd4 Nxf3+ 33. gxf3 Rxf3
34. Rg4 Rg3+ 0-1

[Event "Veletrzni turnaj 2017 A"]
[Site "SÅ  informatiky, poÅ¡tovnictvÃ"]
[Date "2017.08.30"]
[Round "5.25"]
[White "Tajovsky, Simon"]
[Black "Richter, Rudolf"]
[Result "0-1"]
[WhiteElo "1293"]
[BlackElo "1251"]
[PlyCount "64"]
[EventDate "2017.08.27"]

1. d4 d5 2. Nf3 Nf6 3. c4 Bf5 4. Nc3 e6 5. Qb3 b6 6. e3 Be7 7. Be2 O-O 8. O-O
Nbd7 9. Nh4 Be4 10. Nxe4 Nxe4 11. Nf3 Ndf6 12. Ne5 c5 13. cxd5 Nxd5 14. Nc6 Qc7
15. Nxe7+ Nxe7 16. Bf3 Qc6 17. Qc2 f5 18. Bd2 Rac8 19. Qd3 Rfd8 20. Rac1 Qd5
21. Qa3 Rd7 22. b4 cxd4 23. Rxc8+ Nxc8 24. Qc1 Ne7 25. Rd1 Qe5 26. Bxe4 Qxe4
27. Bc3 Rc7 28. Rxd4 Rxc3 29. Qe1 Qc6 30. Rd1 Nd5 31. e4 Nf4 32. exf5 Qxg2# 0-1

[Event "Veletrzni turnaj 2017 A "]
[Site "SÅ  informatiky, poÅ¡tovnictvÃ"]
[Date "2017.08.31"]
[Round "6.1"]
[White "Mikes, Jan"]
[Black "Tikovsky, Alexandr"]
[Result "1-0"]
[WhiteElo "2253"]
[BlackElo "2168"]
[PlyCount "59"]
[EventDate "2017.08.27"]

1. e4 g6 2. d4 Bg7 3. Nc3 d6 4. Be3 c6 5. h4 Nf6 6. h5 Nxh5 7. Rxh5 gxh5 8.
Qxh5 e6 9. Nf3 Nd7 10. Ng5 Qe7 11. e5 d5 12. f4 Nf8 13. Bd3 Bd7 14. O-O-O h6
15. Nf3 O-O-O 16. g4 f6 17. Bf2 Be8 18. Qh2 h5 19. exf6 Bxf6 20. g5 Bg7 21. Re1
Qc7 22. Bg3 h4 23. Nxh4 Qb6 24. f5 exf5 25. Re7 Bd7 26. Rxg7 Qxd4 27. Nxf5 Qxg7
28. Nxg7 Rxh2 29. Bxh2 Ne6 30. Nf5 1-0

[Event "Veletrzni turnaj 2017 A "]
[Site "SÅ  informatiky, poÅ¡tovnictvÃ"]
[Date "2017.08.31"]
[Round "6.2"]
[White "Hajek, Oskar"]
[Black "Veznik, Michael"]
[Result "1-0"]
[WhiteElo "2116"]
[BlackElo "1797"]
[PlyCount "49"]
[EventDate "2017.08.27"]

1. e4 c5 2. Nf3 Nc6 3. Bb5 g6 4. Bxc6 dxc6 5. h3 Bg7 6. d3 Nf6 7. Nc3 O-O 8.
Be3 b6 9. Qd2 e5 10. Bh6 Qd6 11. Bxg7 Kxg7 12. O-O Nh5 13. Rae1 Nf4 14. Ne2
Nxh3+ 15. gxh3 Bxh3 16. Ng3 Bxf1 17. Kxf1 Rae8 18. Kg2 h6 19. Nh4 Qf6 20. Nhf5+
Kg8 21. Qxh6 Qh8 22. Qg5 Re6 23. Rh1 Qxh1+ 24. Kxh1 Rfe8 25. Nh5 1-0

[Event "Veletrzni turnaj 2017 A "]
[Site "SÅ  informatiky, poÅ¡tovnictvÃ"]
[Date "2017.08.31"]
[Round "6.3"]
[White "Hosek, Martin"]
[Black "Popper, Tomas"]
[Result "0-1"]
[WhiteElo "2122"]
[BlackElo "2025"]
[PlyCount "108"]
[EventDate "2017.08.27"]

1. d4 Nf6 2. c4 c5 3. d5 b5 4. Nd2 bxc4 5. e4 e6 6. Bxc4 exd5 7. exd5 d6 8. Ne2
Be7 9. O-O O-O 10. Re1 Nbd7 11. Nf3 Nb6 12. b3 Rb8 13. Qd3 Nxc4 14. bxc4 Qd7
15. Nc3 Ba6 16. Bd2 Rb7 17. Rab1 Rxb1 18. Rxb1 Qg4 19. Nb5 Rb8 20. a4 Bc8 21.
Nxa7 Rxb1+ 22. Qxb1 Ba6 23. Qb8+ Bf8 24. Nc6 Qd7 25. Qb3 Qg4 26. Qb8 Qe4 27.
Nfe5 g5 28. Nf3 Qe2 29. h4 Ng4 30. Qb1 Bxc4 31. Qe1 Qxe1+ 32. Bxe1 Bxd5 33. Na7
gxh4 34. Nxh4 Bb7 35. Nf5 Nh6 36. Ne3 f5 37. Nb5 Bc6 38. Nc4 Nf7 39. Na5 Be8
40. Nc3 Bg7 41. Nb5 d5 42. Nb7 c4 43. Nc5 Bxb5 44. axb5 Bd4 45. Nd7 Nd6 46. b6
Nb7 47. Kf1 Kf7 48. Bb4 Ke8 49. Nb8 Bxb6 50. Ke2 Bc5 51. Bd2 d4 52. Na6 Kd7 53.
Bg5 Bd6 54. Bf6 Kc6 0-1

[Event "Veletrzni turnaj 2017 A "]
[Site "SÅ  informatiky, poÅ¡tovnictvÃ"]
[Date "2017.08.31"]
[Round "6.4"]
[White "Pribyl, Rene"]
[Black "Pokorny, Petr"]
[Result "1/2-1/2"]
[WhiteElo "1988"]
[BlackElo "2160"]
[PlyCount "27"]
[EventDate "2017.08.27"]

1. d4 d5 2. c4 e6 3. Nc3 c6 4. cxd5 exd5 5. Bf4 Bf5 6. e3 Qb6 7. Qd2 Nf6 8. a3
Nbd7 9. Nf3 Ne4 10. Nxe4 Bxe4 11. Be2 Be7 12. O-O O-O 13. Bd3 Nf6 14. Ne5
1/2-1/2

[Event "Veletrzni turnaj 2017 A "]
[Site "SÅ  informatiky, poÅ¡tovnictvÃ"]
[Date "2017.08.31"]
[Round "6.5"]
[White "Straka, Vojtech"]
[Black "Romanov, Sergey"]
[Result "0-1"]
[WhiteElo "1830"]
[BlackElo "2111"]
[PlyCount "114"]
[EventDate "2017.08.27"]

1. d4 d5 2. c4 c6 3. Nc3 Nf6 4. Nf3 dxc4 5. a4 Bf5 6. e3 h6 7. Bxc4 e6 8. h3
Nbd7 9. Bd3 Bxd3 10. Qxd3 Bd6 11. O-O O-O 12. e4 Bc7 13. Be3 Qe7 14. e5 Nd5 15.
Nxd5 exd5 16. Rfe1 Rfe8 17. Bd2 Nf8 18. Qb3 Bd8 19. a5 Qd7 20. Rac1 Re6 21. Nh2
b6 22. f4 Re8 23. Qa4 Rc8 24. Rc2 c5 25. Qxd7 Nxd7 26. Rec1 c4 27. b3 b5 28.
Ng4 Nb8 29. b4 Nc6 30. Bc3 Be7 31. Rb1 Rcd8 32. Ne3 g6 33. Rf2 Bh4 34. Rf3 f6
35. Rd1 fxe5 36. fxe5 Bg5 37. Nc2 a6 38. Rdf1 Rf8 39. g3 Rxf3 40. Rxf3 Rf8 41.
Kg2 Rxf3 42. Kxf3 Kf7 43. h4 Bc1 44. Ke2 h5 45. Kf3 Ke6 46. g4 Ne7 47. Kg3 Ng8
48. Kf3 Nh6 49. gxh5 gxh5 50. Ne3 Bxe3 51. Kxe3 Nf5+ 52. Kf4 Nxh4 53. Kg5 Nf3+
54. Kxh5 Ng1 55. Bd2 Ne2 56. Be3 c3 57. Kg4 c2 0-1

[Event "Veletrzni turnaj 2017 A "]
[Site "SÅ  informatiky, poÅ¡tovnictvÃ"]
[Date "2017.08.31"]
[Round "6.6"]
[White "Stehlik, Jiri"]
[Black "Licka, Vlastimil"]
[Result "1-0"]
[WhiteElo "1989"]
[BlackElo "1931"]
[PlyCount "83"]
[EventDate "2017.08.27"]

1. c4 e5 2. Nc3 Nf6 3. g3 d5 4. cxd5 Nxd5 5. Bg2 c6 6. Nxd5 cxd5 7. Qb3 e4 8.
f3 d4 9. fxe4 Nc6 10. Nf3 Bc5 11. d3 Qe7 12. O-O Be6 13. Qd1 f6 14. Bd2 O-O 15.
b3 Rac8 16. Ne1 Ne5 17. Nc2 Qd7 18. Nb4 Rfe8 19. Nd5 Bxd5 20. exd5 Ng6 21. b4
Bb6 22. Rf2 a6 23. Kh1 Bc7 24. Rc1 Bd6 25. Rc4 Be5 26. Qb3 Qd6 27. a4 h5 28.
Be4 Nf8 29. Bf4 Rxc4 30. Qxc4 Nd7 31. a5 Rf8 32. Bxe5 fxe5 33. Rxf8+ Nxf8 34.
Qc5 Qf6 35. Kg2 h4 36. Bf3 Qg5 37. d6 hxg3 38. hxg3 Kh7 39. Qc8 Qf6 40. d7 Ne6
41. Be4+ g6 42. Qxb7 1-0

[Event "Veletrzni turnaj 2017 A "]
[Site "SÅ  informatiky, poÅ¡tovnictvÃ"]
[Date "2017.08.31"]
[Round "6.7"]
[White "Fryda, Dominik"]
[Black "Chudinovskikh, Alexander M"]
[Result "0-1"]
[WhiteElo "1755"]
[BlackElo "2229"]
[PlyCount "46"]
[EventDate "2017.08.27"]

1. d4 Nf6 2. c4 e6 3. Nf3 c5 4. Nc3 cxd4 5. Nxd4 Bb4 6. Bd2 Nc6 7. Nc2 Bc5 8.
g3 Qb6 9. e3 Ne5 10. Be2 Qc6 11. f3 O-O 12. O-O d5 13. cxd5 exd5 14. Nd4 Qd6
15. Rc1 Bh3 16. Rf2 a6 17. Qb3 b5 18. Bf1 Bxf1 19. Rfxf1 Rfe8 20. Nce2 Rac8 21.
Nf4 Nc4 22. Qc2 h5 23. Kg2 Bxd4 0-1

[Event "Veletrzni turnaj 2017 A "]
[Site "SÅ  informatiky, poÅ¡tovnictvÃ"]
[Date "2017.08.31"]
[Round "6.8"]
[White "Snorek, Milan"]
[Black "Hruza, Dominik"]
[Result "1-0"]
[WhiteElo "1984"]
[BlackElo "1841"]
[PlyCount "63"]
[EventDate "2017.08.27"]

1. c4 Nf6 2. Nc3 c6 3. e4 e5 4. Nf3 d6 5. d4 Bg4 6. Be2 exd4 7. Nxd4 Bxe2 8.
Qxe2 Be7 9. O-O O-O 10. Bf4 g6 11. Rad1 Nh5 12. Bh6 Re8 13. Nf5 Nf6 14. Ng7 Rf8
15. e5 Ne8 16. Nxe8 Rxe8 17. exd6 Bf8 18. Qd2 Bxh6 19. Qxh6 Nd7 20. Rfe1 Rxe1+
21. Rxe1 Qf6 22. Qd2 Rd8 23. b4 b6 24. h3 c5 25. Nd5 Qh4 26. Ne7+ Kg7 27. Nc6
Ra8 28. Re7 Nb8 29. Ne5 cxb4 30. Rxf7+ Kg8 31. Qd5 Qxf2+ 32. Kxf2 1-0

[Event "Veletrzni turnaj 2017 A "]
[Site "SÅ  informatiky, poÅ¡tovnictvÃ"]
[Date "2017.08.31"]
[Round "6.9"]
[White "Macurek, Miloslav"]
[Black "Habina, Martin"]
[Result "1/2-1/2"]
[WhiteElo "1854"]
[BlackElo "1972"]
[PlyCount "24"]
[EventDate "2017.08.27"]

1. e4 e5 2. Nf3 Nc6 3. d4 exd4 4. Nxd4 Bc5 5. Nxc6 bxc6 6. Nc3 Qf6 7. Qd2 Ne7
8. Na4 Bb6 9. Nxb6 axb6 10. Bc4 d6 11. Qf4 Qxf4 12. Bxf4 Be6 1/2-1/2

[Event "Veletrzni turnaj 2017 A "]
[Site "SÅ  informatiky, poÅ¡tovnictvÃ"]
[Date "2017.08.31"]
[Round "6.11"]
[White "Krejci, Petr"]
[Black "Prokop, Jiri"]
[Result "1-0"]
[WhiteElo "2077"]
[BlackElo "1701"]
[PlyCount "93"]
[EventDate "2017.08.27"]

1. Nf3 f5 2. g3 Nf6 3. c4 e6 4. Nc3 d5 5. cxd5 exd5 6. Bg2 c6 7. d3 Bd6 8. O-O
O-O 9. Qb3 Nbd7 10. Be3 Kh8 11. a4 a5 12. Bg5 Nc5 13. Qc2 Ne6 14. Bxf6 Qxf6 15.
e3 Ng5 16. Nxg5 Qxg5 17. Ne2 Qe7 18. Rae1 Bb4 19. Rc1 g6 20. h4 h5 21. Nf4 Qf6
22. Qe2 Kg7 23. Rcd1 Bc5 24. Bf3 Be6 25. Bxh5 Bf7 26. Bf3 g5 27. hxg5 Qxg5 28.
Kg2 Rh8 29. Rh1 Rxh1 30. Rxh1 Rh8 31. Rxh8 Kxh8 32. Qe1 Bb4 33. Qh1+ Kg8 34.
Bh5 Bxh5 35. Qxh5 Qxh5 36. Nxh5 Kf7 37. Kf3 Kg6 38. Nf4+ Kf6 39. b3 Bd6 40. d4
Bxf4 41. Kxf4 b5 42. g4 fxg4 43. Kxg4 Kg6 44. Kf4 Kf6 45. e4 dxe4 46. Kxe4 bxa4
47. bxa4 1-0

[Event "Veletrzni turnaj 2017 A "]
[Site "SÅ  informatiky, poÅ¡tovnictvÃ"]
[Date "2017.08.31"]
[Round "6.12"]
[White "Zpevakova, Jana"]
[Black "Barak, David"]
[Result "1/2-1/2"]
[WhiteElo "2134"]
[BlackElo "1785"]
[PlyCount "101"]
[EventDate "2017.08.27"]

1. d4 d5 2. c4 e6 3. Nf3 Nf6 4. Nc3 Be7 5. Bg5 h6 6. Bh4 O-O 7. e3 b6 8. Be2
Bb7 9. Bxf6 Bxf6 10. cxd5 exd5 11. b4 c6 12. O-O Nd7 13. Qb3 Nb8 14. a4 Qd6 15.
Rfc1 Nd7 16. Ne1 Be7 17. Nd3 Nf6 18. Bf3 Rfd8 19. Rab1 Rab8 20. Ne5 Nd7 21. Nd3
Nf8 22. Ne2 Ne6 23. Ng3 g6 24. Rb2 Rdc8 25. Bg4 Kh7 26. Ne5 Kg7 27. Qd3 Bf6 28.
f4 Re8 29. Rf1 Nf8 30. Rbb1 Bc8 31. Bf3 Rb7 32. Rfc1 Rc7 33. Qb3 Rd8 34. Be2
Bh4 35. Bd3 Bxg3 36. hxg3 f6 37. Nf3 Bg4 38. Rb2 Qe6 39. Bf1 Bf5 40. Rc3 Rdc8
41. Rd2 Qd6 42. Rd1 Ne6 43. Rdc1 Nd8 44. Nh4 Be4 45. Be2 Nf7 46. Bf3 Qe6 47.
Bxe4 Qxe4 48. Qd1 Nd6 49. Qg4 Nc4 50. Re1 Re8 51. Kf2 1/2-1/2

[Event "Veletrzni turnaj 2017 A "]
[Site "SÅ  informatiky, poÅ¡tovnictvÃ"]
[Date "2017.08.31"]
[Round "6.13"]
[White "Marsa, Alexandr"]
[Black "Khadash, Samuel"]
[Result "1/2-1/2"]
[WhiteElo "1905"]
[BlackElo "1389"]
[PlyCount "52"]
[EventDate "2017.08.27"]

1. d4 c6 2. c4 d5 3. Nc3 Nf6 4. e3 e6 5. Nf3 Bb4 6. a3 Bxc3+ 7. bxc3 Nbd7 8.
Bd3 dxc4 9. Bxc4 Nd5 10. Qc2 O-O 11. Bd3 h6 12. O-O c5 13. c4 N5f6 14. Bb2 b6
15. Ne5 Bb7 16. f4 Qc7 17. Qe2 Be4 18. Bxe4 Nxe4 19. d5 exd5 20. cxd5 Ndf6 21.
Rad1 Rad8 22. Qd3 Qb7 23. Nc6 Rd7 24. Bxf6 Nxf6 25. e4 Re8 26. Ne5 Rdd8 1/2-1/2

[Event "Veletrzni turnaj 2017 A "]
[Site "SÅ  informatiky, poÅ¡tovnictvÃ"]
[Date "2017.08.31"]
[Round "6.14"]
[White "Khadash, Kamil"]
[Black "Spodny, Josef"]
[Result "1/2-1/2"]
[WhiteElo "1540"]
[BlackElo "1889"]
[PlyCount "35"]
[EventDate "2017.08.27"]

1. e4 c5 2. Nf3 Nc6 3. Bb5 g6 4. Bxc6 dxc6 5. O-O Bg7 6. Re1 e5 7. Nc3 Bg4 8.
h3 Bxf3 9. Qxf3 Nf6 10. d3 Nd7 11. a4 a5 12. Qg3 Qe7 13. Ne2 O-O 14. f4 exf4
15. Bxf4 Be5 16. Bxe5 Qxe5 17. Qxe5 Nxe5 18. Ra3 1/2-1/2

[Event "Veletrzni turnaj 2017 A "]
[Site "SÅ  informatiky, poÅ¡tovnictvÃ"]
[Date "2017.08.31"]
[Round "6.15"]
[White "Haupt, Jaromir"]
[Black "Pelikan, Jaromir"]
[Result "1-0"]
[WhiteElo "1728"]
[BlackElo "1822"]
[PlyCount "105"]
[EventDate "2017.08.27"]

1. e4 c6 2. d3 d5 3. Nc3 e5 4. g3 Nf6 5. f4 Bg4 6. Be2 Bxe2 7. Qxe2 d4 8. Nd1
Nbd7 9. Nf3 Qa5+ 10. Kf2 Ng4+ 11. Kg2 O-O-O 12. h3 Nh6 13. a3 f6 14. Bd2 Qc7
15. b4 exf4 16. Bxf4 Ne5 17. Bxh6 gxh6 18. Nxe5 fxe5 19. Qh5 Rg8 20. Rf1 Rg5
21. Qf7 Qxf7 22. Rxf7 Rg7 23. Rxg7 Bxg7 24. Nb2 Kd7 25. a4 Bf8 26. b5 Bc5 27.
Rf1 Rf8 28. Rf5 Rxf5 29. bxc6+ Kxc6 30. exf5 Be7 31. Nc4 Kd5 32. Nd2 Kc5 33. f6
Bf8 34. Kf3 Kb4 35. a5 Kxa5 36. Nc4+ Kb4 37. Nxe5 a5 38. Ke4 a4 39. Nd7 a3 40.
Nxf8 a2 41. Nd7 a1=Q 42. f7 Qe1+ 43. Kd5 Qh1+ 44. Kd6 Qxh3 45. f8=Q Qxg3+ 46.
Kd5+ Kc3 47. Qc5+ Kd2 48. Ne5 Qg8+ 49. Kxd4 Qg1+ 50. Kc4 Qg2 51. Kb3 h5 52.
Nc4+ Ke2 53. Qe3+ 1-0

[Event "Veletrzni turnaj 2017 A "]
[Site "SÅ  informatiky, poÅ¡tovnictvÃ"]
[Date "2017.08.31"]
[Round "6.16"]
[White "Hrdlicka, Vladan"]
[Black "Meszaros, Ludek"]
[Result "0-1"]
[WhiteElo "1781"]
[BlackElo "2170"]
[PlyCount "58"]
[EventDate "2017.08.27"]

1. e4 e5 2. Nf3 Nc6 3. d4 exd4 4. Nxd4 Bb4+ 5. c3 Be7 6. Be3 Nf6 7. Nf5 O-O 8.
Nd2 d5 9. Nxe7+ Qxe7 10. exd5 Nxd5 11. Qf3 Nxe3 12. Qxe3 Qh4 13. Bb5 Bd7 14.
O-O-O a6 15. Nf3 Qf6 16. Rxd7 axb5 17. a3 b4 18. cxb4 Nxb4 19. Qc5 Qf4+ 20. Nd2
Qg4 21. Rd4 Qxg2 22. Rf1 Nc6 23. Rd5 Ra5 24. Qxc6 Rxd5 25. Qc4 Rfd8 26. Nb3 b5
27. Qe2 Re5 28. Rd1 Qc6+ 29. Kb1 Rxe2 0-1

[Event "Veletrzni turnaj 2017 A "]
[Site "SÅ  informatiky, poÅ¡tovnictvÃ"]
[Date "2017.08.31"]
[Round "6.17"]
[White "Cihal, Jan"]
[Black "Wunsch, Radek"]
[Result "0-1"]
[WhiteElo "1832"]
[BlackElo "1734"]
[PlyCount "46"]
[EventDate "2017.08.27"]

1. e4 e5 2. Nf3 Nc6 3. d4 exd4 4. Bc4 Nf6 5. O-O Nxe4 6. Re1 d5 7. Bxd5 Qxd5 8.
Nc3 Qa5 9. Rxe4+ Be6 10. Ne2 O-O-O 11. Nf4 Bf5 12. Re1 h6 13. Nd3 Bd6 14. a3 g5
15. b4 Qd5 16. Nd2 h5 17. Nf1 h4 18. f3 h3 19. Ng3 hxg2 20. Nf2 Bxg3 21. hxg3
Ne5 22. Ne4 Nxf3+ 23. Qxf3 Rh1+ 0-1

[Event "Veletrzni turnaj 2017 A "]
[Site "SÅ  informatiky, poÅ¡tovnictvÃ"]
[Date "2017.08.31"]
[Round "6.18"]
[White "Rehurek, Karel"]
[Black "Nezval, Filip"]
[Result "0-1"]
[WhiteElo "1826"]
[BlackElo "1640"]
[PlyCount "110"]
[EventDate "2017.08.27"]

1. e4 c6 2. d4 d5 3. exd5 cxd5 4. c4 Nf6 5. Nc3 e6 6. c5 b6 7. b4 a5 8. Na4
axb4 9. Nxb6 Ra7 10. Bb5+ Bd7 11. Nxd7 Nbxd7 12. Bd2 Qa5 13. a4 Ne4 14. Ne2
Nxd2 15. Qxd2 Be7 16. c6 Nb6 17. O-O O-O 18. Nc1 Nc8 19. Nb3 Qb6 20. Rfc1 Nd6
21. Qxb4 Rb8 22. Nc5 Nxb5 23. Qxb5 Bxc5 24. Qxc5 Qxc5 25. dxc5 Rc8 26. Rcb1 g6
27. Rb7 Ra5 28. Rb5 Ra6 29. Rb6 Ra5 30. Rb5 Ra6 31. a5 Raxc6 32. a6 Ra8 33. a7
Rcc8 34. c6 Kg7 35. g3 Kf6 36. Rb7 e5 37. Ra6 Ke6 38. Rb8 Rxa7 39. Rxa7 Rxb8
40. c7 Rc8 41. Ra6+ Ke7 42. Rc6 f5 43. Kf1 Kd7 44. Rf6 Rxc7 45. Ke2 Ke7 46. Ra6
Rd7 47. Kd3 d4 48. f3 Rb7 49. Ra5 Kd6 50. f4 Rb3+ 51. Kc4 Rc3+ 52. Kb4 e4 53.
Ra8 Rc7 54. Rd8+ Rd7 55. Ra8 d3 0-1

[Event "Veletrzni turnaj 2017 A "]
[Site "SÅ  informatiky, poÅ¡tovnictvÃ"]
[Date "2017.08.31"]
[Round "6.19"]
[White "Vavrinkova, Anna"]
[Black "Glozar, Petr"]
[Result "0-1"]
[WhiteElo "1596"]
[BlackElo "1740"]
[PlyCount "86"]
[EventDate "2017.08.27"]

1. e4 c5 2. Nf3 Nc6 3. d4 cxd4 4. Nxd4 g6 5. Be3 Bg7 6. c3 d6 7. Bb5 Bd7 8. O-O
Nf6 9. Nd2 O-O 10. Ba4 Ng4 11. Nxc6 bxc6 12. Bf4 Qb6 13. Bb3 Ne5 14. Qe2 Bg4
15. Qe3 Rfd8 16. h3 Bd7 17. Rad1 Be8 18. Qg3 Qa6 19. Rfe1 Rab8 20. Rb1 c5 21.
c4 Ba4 22. Bxa4 Qxa4 23. Qa3 Qxa3 24. bxa3 Nd3 25. Red1 Nxf4 26. Kf1 Bc3 27.
Nf3 Rb6 28. Rdc1 Bg7 29. Nd2 Rdb8 30. f3 Rxb1 31. Rxb1 Rxb1+ 32. Nxb1 Kf8 33.
Nd2 Ke8 34. Nb3 Kd7 35. h4 Kc6 36. g3 Ne6 37. Kf2 Nd4 38. Nd2 e6 39. Ke3 d5 40.
exd5+ exd5 41. cxd5+ Kxd5 42. Kd3 Nb5 43. a4 Na3 0-1

[Event "Veletrzni turnaj 2017 A "]
[Site "SÅ  informatiky, poÅ¡tovnictvÃ"]
[Date "2017.08.31"]
[Round "6.20"]
[White "Tajovsky, Matej"]
[Black "Feldvabl, Vilem"]
[Result "0-1"]
[WhiteElo "1657"]
[BlackElo "1658"]
[PlyCount "76"]
[EventDate "2017.08.27"]

1. e4 e5 2. Nf3 Nc6 3. Nc3 Nf6 4. Bb5 Bb4 5. O-O d6 6. d3 h6 7. Nd5 Bc5 8. h3
a6 9. Bxc6+ bxc6 10. Nxf6+ Qxf6 11. Be3 Bb6 12. c3 O-O 13. Kh1 Be6 14. Nh2 Qg6
15. Qe2 f5 16. Bxb6 cxb6 17. Rg1 fxe4 18. dxe4 Qf7 19. f3 Bxa2 20. g4 Bc4 21.
Qf2 c5 22. g5 h5 23. g6 Qf4 24. Rg2 Be6 25. Rag1 Bxh3 26. Rg5 Bg4 27. Nxg4 Qxg5
28. Ne3 Qf4 29. Kg2 Rf6 30. Nf5 Rxg6+ 31. Kh1 Rxg1+ 32. Kxg1 g6 33. Ne7+ Kh7
34. Nd5 Qg5+ 35. Kf1 Rf8 36. b3 h4 37. Ke2 b5 38. Ne3 Qg3 0-1

[Event "Veletrzni turnaj 2017 A "]
[Site "SÅ  informatiky, poÅ¡tovnictvÃ"]
[Date "2017.08.31"]
[Round "6.21"]
[White "Zejda, Karel"]
[Black "Blazek, Pavel"]
[Result "0-1"]
[WhiteElo "1671"]
[BlackElo "1749"]
[PlyCount "58"]
[EventDate "2017.08.27"]

1. d4 c6 2. Nf3 d6 3. Bf4 Bg4 4. e3 Nd7 5. Be2 Qc7 6. Nbd2 Ngf6 7. h3 Bh5 8.
O-O Bg6 9. Nh4 e5 10. dxe5 dxe5 11. Bg3 O-O-O 12. Qc1 Be7 13. Nhf3 Ne4 14. Bh2
Nxd2 15. Nxd2 f5 16. Re1 Bf7 17. c4 Bd6 18. e4 f4 19. Bg4 h5 20. Bf3 g5 21. a3
Be6 22. Qd1 Nf6 23. g3 Bxh3 24. Bg2 Bg4 25. f3 Bc5+ 26. Kh1 h4 27. fxg4 hxg3
28. Nf1 Rxd1 29. Raxd1 Qh7 0-1